Meadfield Properties Ltd v SoS Environment (Record no. 39373)
[ view plain ]
| 000 -LEADER | |
|---|---|
| fixed length control field | 01453cab a2200265 4500 |
| 001 - CONTROL NUMBER | |
| control field | ABS52144 |
| 008 - FIXED-LENGTH DATA ELEMENTS--GENERAL INFORMATION | |
| fixed length control field | 090401t1995 xxu||||| |||| 00| 0 eng d |
| 035 ## - SYSTEM CONTROL NUMBER | |
| System control number | (Sirsi) u63320 |
| 041 ## - LANGUAGE CODE | |
| Language code of text/sound track or separate title | eng |
| 245 ## - TITLE STATEMENT | |
| Title | Meadfield Properties Ltd v SoS Environment |
| 260 ## - PUBLICATION, DISTRIBUTION, ETC. | |
| Date of publication, distribution, etc. | 1995 |
| 350 ## - PRICE (NR) (BK AM CF MU VM SE) [OBSOLETE] | |
| Price | 0 |
| 490 ## - SERIES STATEMENT | |
| Series statement | Estates Gazette |
| Volume/sequential designation | (1995) 03 EG 128-130(3) |
| 520 ## - SUMMARY, ETC. | |
| Summary, etc. | ChD 21 July 1994. By a lease dated February 1985 the tenant (S) held a term from 24 June 1985 until 24 December 2003. The lease made provision for a tenant`s option to break at the end of ten years. In December 1993 S gave notice to terminate the lease on 23 June 1994. The landlord (M) contended that the notice was invalid as, when the term was defined from a certain date, it commences on the following day, so, the first ten years should have expired on 24 June 1994. M`s summons was dismissed on the grounds that the rule that where a term is expressed to commence from a specified date, that date is not included in the term which therefore commences on the following day, may be rebutted by indications in the lease that the specified day was intended to be included in the term. |
| 650 ## - SUBJECT ADDED ENTRY--TOPICAL TERM | |
| Topical term or geographic name entry element | BREAK CLAUSES |
| 650 ## - SUBJECT ADDED ENTRY--TOPICAL TERM | |
| Topical term or geographic name entry element | BUSINESS TENANCIES |
| 650 ## - SUBJECT ADDED ENTRY--TOPICAL TERM | |
| Topical term or geographic name entry element | LEASE TERM |
| 650 ## - SUBJECT ADDED ENTRY--TOPICAL TERM | |
| Topical term or geographic name entry element | LEASES |
| 650 ## - SUBJECT ADDED ENTRY--TOPICAL TERM | |
| Topical term or geographic name entry element | OPTION TO BREAK |
| 650 ## - SUBJECT ADDED ENTRY--TOPICAL TERM | |
| Topical term or geographic name entry element | SPECIFIED DATE |
| 650 ## - SUBJECT ADDED ENTRY--TOPICAL TERM | |
| Topical term or geographic name entry element | TERMINATION |
| 690 ## - LOCAL SUBJECT ADDED ENTRY--TOPICAL TERM (OCLC, RLIN) | |
| Topical term or geographic name as entry element | LANDLORD AND TENANT-CASE LAW-BUSINESS TENANCIES |
| 942 ## - ADDED ENTRY ELEMENTS (KOHA) | |
| Suppress in OPAC | 0 |
| 948 ## - LOCAL PROCESSING INFORMATION (OCLC); SERIES PART DESIGNATOR (RLIN) | |
| c (OCLC) | 04/03/1997 |
| Withdrawn status | Lost status | Source of classification or shelving scheme | Damaged status | Not for loan | Home library | Current library | Shelving location | Date acquired | Total Checkouts | Full call number | Barcode | Date last seen | Copy number | Price effective from | Koha item type |
|---|---|---|---|---|---|---|---|---|---|---|---|---|---|---|---|
| Dewey Decimal Classification | London | London | Journal article | 14/09/1999 | ABS52144 | 63320-1001 | 06/08/2019 | 1 | 06/08/2019 | Law report |